Loading...

Modi's foreign polict /

Bibliographic Details
Main Author: Tremblay, Reeta Chowdhari
Other Authors: Kapur, Ashok
Format: Printed Book
Published: Los Angeles : Sage, 2017.
Subjects:
LEADER 00543nam a22001577a 4500
020 |a 9789386446589 
082 |a 327.54  |b TRE.M 
100 |a Tremblay, Reeta Chowdhari. 
245 |a Modi's foreign polict /  |c by Reeta Chowdhari Tremblay and Ashok Kapur. 
260 |a Los Angeles :  |b Sage,  |c 2017. 
300 |a 256 p. 
650 |a foreign policy 
700 |a Kapur, Ashok. 
942 |c BK 
999 |c 314094  |d 314094 
952 |0 0  |1 0  |4 0  |6 327_540000000000000_TRE_M  |7 0  |8 NFIC  |9 335865  |a POL  |b POL  |c GEN  |d 2020-11-25  |l 0  |o 327.54 TRE.M  |p POL22091  |r 2020-11-25  |w 2020-11-25  |y BK